01332nam a2200145 4500020001800000082002000018100003400038245012400072260003400196300002000230520085600250650002501106650002701131700002801158 a9781138107090 a340.0954bRAT-R aRathore, Aakash Singheauthor00aRethinking Indian jurisprudence :ban introduction to the philosophy of law /cAakash Singh Rathore and Garima Goswamy. bRoutledge ,c2018aNew York : aviii, 218 pages aThis book addresses these foundational questions about the law in general and seeks to reorient our thoughts to the specific nature of law in India, the India of today and the possible India of the future. This volume:Covers relevant foundational elements, concepts and questions of the discipline;Brings the uniqueness of Indian Philosophy of Law to the fore;Critically analyses the major theories of jurisprudence;Examines legal debates on secularism, rationality, religion, rights and caste politics and presents useful cases and examples, including free speech, equality and reservation, queer law, rape and security and the ethics of organ donation. Lucid and accessible, the book will be indispensable to students, teachers and scholars of law, philosophy, politics as well as philosophy of law, sociology of law, legal theory and jurisprudence. aJurisprudencezIndia aLaw--PhilosophyzIndia aGoswamy, Garimaeauthor